00388nam a2200181Ia 4500003000900000008004100009040001300050040001300063041000800076100001500084100000900099245005600108250000900164260000800173260000900181300001000190490000600200IT-RoPAU120407s9999 xx 000 0 und d aIT-RoPAU cIT-RoPAU aita aJean Galot cs.j. aMaria. La donna nell’opera della salvezza. 2a.ed. aRoma aPug c1991 c21 cm v1